000 00639 a2200205 4500
001 50081
005 20260407155801.0
008 260407a1972 arg spa d
003 AR-UNSa-BCEJYS
040 _aAR-UNSa-BCEJYS
_bspa
_cAR-UNSa-BCEJYS
080 _a82-4
_xEnsayos
245 1 0 _aProhibido prohibir
264 1 _aBuenos Aires :
_bEdiciones La Bastilla
_c1972
300 _a153 p.
_c20 cm.
505 _a1. Deodoro Roca, escritor comprometido - 2. Ensayos políticos - 3. Ensayos estéticos - 4. Epílogo para un hombre.
041 _aspa
942 _cBK
590 _aniveau_biblio:m niveau_hierar:0
100 1 _aRoca, Deodoro
999 _c4943
_d4943